Monetárne pravidlá bánk diplomová práca

Salvato in:
Dettagli Bibliografici
Autore principale: Marcinová, Katarína
Ente Autore: Fakulta hospodárskej informatiky EU. Katedra operačného výskumu a ekonometrie
Altri autori: Lukáčik, Martin, 1974-
Natura: Libro
Lingua:slovacco
Pubblicazione: Bratislava 2010
Tags: Aggiungi Tag
Nessun Tag, puoi essere il primo ad aggiungerne!!

MARC

LEADER 00000nam a2200000 4500
001 0118751
005 20240318122741.3
041 0 |a slo 
044 |a SK 
245 1 0 |a Monetárne pravidlá bánk  |b diplomová práca  |c Katarína Marcinová ; škol. Martin Lukáčik 
264 1 |a Bratislava  |c 2010 
300 |a 68 s. 
100 1 |a Marcinová, Katarína 
700 1 |a Lukáčik, Martin, 1974- 
710 2 |a Fakulta hospodárskej informatiky EU. Katedra operačného výskumu a ekonometrie